| 000 | 00798nam a2200205 4500 | ||
|---|---|---|---|
| 005 | 20251004074441.0 | ||
| 020 |
_a 0421787309 _cTZS 44,235.65/= |
||
| 040 |
_aMCCL _beng. _eAACR 2nd rev. ed. |
||
| 082 | _a340 ADA | ||
| 100 | _aAdams, John, 1939- | ||
| 245 |
_aUnderstanding law _c/ John Adams, and Roger Brownsword |
||
| 250 | _a3rd ed. | ||
| 260 |
_aLondon: _bSweet & Maxwell, _cc2003. |
||
| 300 |
_a xiv, 321 p. : _b ill. ; _c22 cm. |
||
| 440 | _aUnderstanding law series | ||
| 520 | _aThis introduction to the law in general provides a better understanding of this academic discipline and aims to develop a critical view of the institutions, processes and materials which comprise the English legal system | ||
| 650 |
_aLaw _zEngland _zWales |
||
| 700 | _dBrownsword, Roger | ||
| 942 | _cBK | ||
| 999 |
_c11536 _d11536 |
||